000 00515 a2200205 4500
005 20240527112011.0
010 _aB-759199
020 _a9789354715068
_c550.00
035 _aB-759199
037 _bGift
082 _aN
100 _aMartin, Ann M.
_966896
245 _aThe Baby - Sitters Club/
_cAnn M. Martin
260 _aNew Delhi
_bScholastic
_c2023
270 _aNew Delhi
300 _a166 p.
_c20 cm(Pb)
700 _966848
942 _adpl
_cCH
_2ddc
_hN
_mMAR
999 _c203258
_d203258